| 000 | 00906cam a2200277 a 4500 | ||
|---|---|---|---|
| 001 | 4734438 | ||
| 003 | ARRUPE | ||
| 005 | 20130927145158.0 | ||
| 008 | 850404s1985 cau b 001 0 eng | ||
| 010 | _a 84048222 | ||
| 020 | _a0060641827 | ||
| 040 |
_aDLC _cDLC _dOCoLC _dDLC |
||
| 050 | 0 | 0 |
_aBV4501.2 _b.J5854 1985 |
| 100 | 1 |
_aJones, Alan W., _d1940- _91666 |
|
| 245 | 1 | 0 |
_aSoul making : _bthe desert way of spirituality / _cAlan W. Jones. |
| 250 | _a1st ed. | ||
| 260 |
_aSan Francisco : _bHarper & Row, _cc1985. |
||
| 300 |
_axii, 222 p. ; _c22 cm. |
||
| 500 | _aIncludes index. | ||
| 504 | _aBibliography: p. [210]-215. | ||
| 650 | 0 |
_aSpiritual life _xChristianity. _xAnglican authors _91667 |
|
| 650 | 0 |
_aLove (Theology) _xReligious aspects _xChristianity. _xSoul _91668 |
|
| 650 | 0 |
_aSoul _xChristianity. _91669 |
|
| 906 |
_a7 _bcbc _corignew _d1 _eocip _f19 _gy-gencatlg |
||
| 942 |
_2lcc _cMONOGRAPH |
||
| 999 |
_c118144 _d118144 |
||